[Event "Steinfurt Bezirksklasse 1213"]
[Site "Germany"]
[Date "2013.01.19"]
[Round "4.4"]
[White "Hillen, Thomas"]
[Black "Kuehl, Laszlo"]
[Result "1-0"]
[WhiteElo "1459"]
[BlackElo "846"]
[PlyCount "73"]
[EventDate "2012.09.29"]
[EventType "team-tourn"]
[EventRounds "9"]
[EventCountry "GER"]
[SourceTitle "EXT 2015"]
[Source "ChessBase"]
[SourceDate "2014.11.20"]
[SourceVersion "1"]
[SourceVersionDate "2014.11.20"]
[SourceQuality "1"]
[WhiteTeam "Emsdetten Rochade IV"]
[BlackTeam "Westerkappeln II"]
[WhiteTeamCountry "GER"]
[BlackTeamCountry "GER"]

1. Nf3 Nc6 2. d4 d5 3. Bf4 e6 4. a3 Bd6 5. Qd2 Bxf4 6. Qxf4 b6 7. Nc3 Nge7 8. Nb5 0-0 9. Qxc7 Qxc7 10. Nxc7 Rb8 11. Nb5 Nf5 12. e3 Ba6 13. Bd3 g6 14. Rc1 Bxb5 15. Bxb5 Nce7 16. Ke2 Rfc8 17. Ne5 Rc7 18. c3 Nd6 19. Bd3 Kg7 20. g4 f6 21. Nf3 a5 22. h4 Kf7 23. g5 f5 24. h5 Rg8 25. Ne5+ Kf8 26. hxg6 hxg6 27. a4 Nc4 28. Bxc4 dxc4 29. f3 Rb7 30. Nxc4 b5 31. axb5 Rxb5 32. Ra1 Nc6 33. Rh6 Rg7 34. Rh8+ Rg8 35. Rxg8+ Kxg8 36. f4 Kf7 37. Nd6+ 1-0

[Event "Steinfurt Bezirksklasse 1112"]
[Site "Germany"]
[Date "2012.02.25"]
[Round "6.3"]
[White "Hillen, Thomas"]
[Black "Beeger, Kai"]
[Result "0-1"]
[WhiteElo "1469"]
[BlackElo "1140"]
[PlyCount "105"]
[EventDate "2011.09.24"]
[EventType "team-tourn"]
[EventRounds "9"]
[EventCountry "GER"]
[SourceTitle "EXT 2013"]
[Source "ChessBase"]
[SourceDate "2012.11.22"]
[SourceVersion "1"]
[SourceVersionDate "2012.11.22"]
[SourceQuality "1"]
[WhiteTeam "Emsdetten Rochade IV"]
[BlackTeam "Westerkappeln II"]
[WhiteTeamCountry "GER"]
[BlackTeamCountry "GER"]

1. Nf3 Nf6 2. d4 g6 3. Bf4 Bg7 4. e3 0-0 5. c4 d6 6. Bd3 Bg4 7. Nbd2 Nbd7 8. h3 Bxf3 9. Nxf3 c6 10. Rc1 Qa5+ 11. Qd2 Qxa2 12. 0-0 Qb3 13. c5 dxc5 14. dxc5 Nd5 15. Nd4 Bxd4 16. exd4 Nxf4 17. Bc4 Nxh3+ 18. Kh2 Qa4 19. Qc3 a5 20. Qxh3 e6 21. Qd3 b5 22. cxb6 Nxb6 23. Bb3 Qb4 24. Rxc6 a4 25. Bc2 Rfd8 26. Rd1 Nd5 27. Rc4 Qd6+ 28. g3 Nb6 29. Rc3 Qd5 30. Rc5 Qb7 31. Rb5 Qa6 32. Qe2 Rac8 33. Bd3 Qa7 34. Qe5 Nc4 35. Bxc4 Rxc4 36. Rd3 h5 37. b3 Rcxd4 38. Rxd4 Qxd4 39. Qxd4 Rxd4 40. bxa4 Rxa4 41. Re5 Ra2 42. Kg2 Kg7 43. Re3 Rd2 44. Kf3 Rd4 45. Re1 Kf6 46. Kg2 Kf5 47. Kf3 g5 48. Rc1 Rd3+ 49. Kg2 Rd4 50. Kf3 e5 51. Rc6 f6 52. Rc8 h4 53. g4+ 0-1

[Event "Steinfurt Bezirksliga 0708"]
[Site "Germany"]
[Date "2007.10.27"]
[Round "2.7"]
[White "Merschkoetter, Peter"]
[Black "Hillen, Thomas"]
[Result "1-0"]
[WhiteElo "1608"]
[BlackElo "1441"]
[PlyCount "77"]
[EventDate "2007.09.22"]
[EventType "team-tourn"]
[EventRounds "9"]
[EventCountry "GER"]
[SourceTitle "EXT 2009"]
[Source "ChessBase"]
[SourceDate "2008.11.26"]
[SourceVersion "1"]
[SourceVersionDate "2008.11.26"]
[SourceQuality "1"]
[WhiteTeam "Reckenfeld"]
[BlackTeam "Emsdetten Rochade III"]
[WhiteTeamCountry "GER"]
[BlackTeamCountry "GER"]

1. e4 c5 2. Nf3 Nc6 3. d4 cxd4 4. Nxd4 Qb6 5. Nb3 Nf6 6. Bd3 g6 7. Be3 Qc7 8. Nc3 Ne5 9. Nb5 Nxd3+ 10. cxd3 Qe5 11. N3d4 a6 12. f4 Qb8 13. Qc2 axb5 14. Nxb5 Ra6 15. Ba7 Rc6 16. Qxc6 dxc6 17. Bxb8 cxb5 18. Rc1 Kd7 19. 0-0 Ne8 20. Rc5 e6 21. Rxb5 Nd6 22. Rb6 Nxe4 23. b4 Bg7 24. Be5 Bxe5 25. fxe5 Kc7 26. Rb5 Bd7 27. Ra5 Ng5 28. h4 h5 29. hxg5 Rh7 30. Rc1+ Kb8 31. Rac5 Bc6 32. b5 Bd5 33. R1c3 h4 34. b6 Bc6 35. Kh2 Rh5 36. R3c4 Rxg5 37. Rxh4 Rxg2+ 38. Kh3 Kc8 39. Rxc6+ 1-0

[Event "Steinfurt Bezirksliga 0405"]
[Site "Germany"]
[Date "2004.10.30"]
[Round "2.8"]
[White "Hillen, Thomas"]
[Black "Langer, Ralf"]
[Result "0-1"]
[WhiteElo "1476"]
[BlackElo "1697"]
[PlyCount "88"]
[EventDate "2004.09.25"]
[EventType "team-tourn"]
[EventRounds "11"]
[EventCountry "GER"]
[SourceTitle "EXT 2006"]
[Source "ChessBase"]
[SourceDate "2005.11.24"]
[SourceVersion "1"]
[SourceVersionDate "2005.11.24"]
[SourceQuality "1"]
[WhiteTeam "Emsdetten Rochade III"]
[BlackTeam "Westerkappeln"]
[WhiteTeamCountry "GER"]
[BlackTeamCountry "GER"]

1. Nf3 Nf6 2. c4 g6 3. Nc3 Bg7 4. g3 0-0 5. Bg2 d6 6. 0-0 c6 7. Rb1 Nbd7 8. b4 e5 9. d3 Qc7 10. Qc2 Ne8 11. b5 f5 12. a4 Ndf6 13. Ba3 c5 14. Bc1 Rb8 15. Ng5 h6 16. Nf3 b6 17. Nd2 Bb7 18. Nd5 Nxd5 19. cxd5 Nf6 20. e4 f4 21. h4 Bc8 22. Nf3 Nh7 23. Kh2 g5 24. Ng1 Qe7 25. Qe2 gxh4 26. g4 Qg5 27. Bh3 Qg6 28. Nf3 Bf6 29. Rg1 Bg5 30. Ra1 Bd7 31. Nd2 Kh8 32. f3 Qf7 33. Nc4 Be7 34. Bb2 Ng5 35. Rg2 Nxh3 36. Kxh3 h5 37. Nxe5 dxe5 38. Bxe5+ Bf6 39. Bxf4 Bxa1 40. Bxb8 Rxb8 41. Qe3 Qf6 42. Kh2 hxg4 43. fxg4 Rf8 44. Kh3 Qf3+ 0-1